00505nam a2200181Ia 450000500170000000800410001702000180005804100120007608200150008810000230010324500800012625000120020626000350021830000230025365000150027665000170029165000150030820260429112111.0260429s9999||||xx |||||||||||||| ||und|| a9780443187209 aEnglish a519.2bROU aRoussas, George G. 0aIntroduction to probability and statistical inference / cGeorge G. Roussas a3rd ed. aAmsterdam : bElsevier,c2025. axviii, 643 p.; pbk a Inference a Probability aStatistics